书目信息 |
| 题名: |
海洋战略性新兴产业的产学研合作创新:特征、机制及影响
|
|
| 作者: | 张艺 著 | |
| 分册: | ||
| 出版信息: | 北京 中国经济出版社 2020.06 |
|
| 页数: | 162页 | |
| 开本: | 26cm | |
| 丛书名: | ||
| 单 册: | ||
| 中图分类: | P74 | |
| 科图分类: | ||
| 主题词: | 海洋开发 , 海洋资源 , 海洋资源--海洋开发 | |
| 电子资源: | ||
| ISBN: | 7-5136-6176-6 | |
| 000 | 00751nam0 2200229 450 | |
| 001 | 2340151828 | |
| 005 | 20230215111200.70 | |
| 010 | @a7-5136-6176-6@dCNY48.00 | |
| 100 | @a20230215d2020 km y0chiy0120 ea | |
| 101 | 0 | @achi |
| 102 | @aCN@b110000 | |
| 102 | @aCN@b110000 | |
| 200 | 1 | @a海洋战略性新兴产业的产学研合作创新:特征、机制及影响@AHai Yang Zhan Lue Xing Xin Xing Chan Ye De Chan Xue Yan He Zuo Chuang Xin:Te Zheng、Ji Zhi Ji Ying Xiang@f张艺著@FZhang Yi Zhu |
| 210 | @a北京@c中国经济出版社@d2020.06 | |
| 215 | @a162页@d26cm | |
| 606 | 0 | @a海洋开发 |
| 606 | 0 | @a海洋资源 |
| 606 | 0 | @a海洋资源@x海洋开发 |
| 690 | @aP74@v4 | |
| 701 | 0 | @a张艺@AZhang Yi@4著 |
| 801 | 0 | @aCN@b大连网信软件有限公司图书馆·11@c20230215 |
| 905 | @aZUCC@dP74@e133 | |
| 海洋战略性新兴产业的产学研合作创新:特征、机制及影响/张艺著.-北京:中国经济出版社,2020.06 |
| 162页;26cm |
| ISBN 7-5136-6176-6:CNY48.00 |
| ● |
| 相关链接 |
|
|
|
|
正题名:海洋战略性新兴产业的产学研合作创新:特征、机制及影响
索取号:P74/133
 
预约/预借
| 序号 | 登录号 | 条形码 | 馆藏地/架位号 | 状态 | 备注 |
| 1 | 1052665 | 210526652 | 第二样本阅览室/ [索取号:P74/133] | 在馆 |